| 000 | 00445nam a2200181Ia 4500 | ||
|---|---|---|---|
| 005 | 20250423101020.0 | ||
| 008 | 250422s9999 xx 000 0 und d | ||
| 020 | _a9780324065848 | ||
| 050 | _aHF 5549 .M45/ | ||
| 100 | _aMello, Jeffrey A. | ||
| 245 | 0 | _aStrategic human resource management | |
| 260 | _aUnited State | ||
| 260 | _bSouth-Western | ||
| 260 | _c2002 | ||
| 300 | _a475 p | ||
| 650 | _aPersonnel management. | ||
| 942 | _cBK | ||
| 999 |
_c35029 _d35029 |
||